100 Greatest Guitarists - Statistics

General Stats
  • This quiz has been taken 4,811 times
  • The average score is 29 of 100
Answer Stats
Hint Answer % Correct
1 Jimi Hendrix
92%
2 Eric Clapton
83%
3 Jimmy Page
78%
11 George Harrison
71%
8 Eddie Van Halen
70%
65 Slash
70%
4 Keith Richards
68%
26 Brian May
65%
13 Albert King
64%
6 B.B. King
64%
15 Freddie King
64%
73 Kurt Cobain
60%
24 Angus Young
59%
17 Neil Young
59%
55 John Lennon
56%
7 Chuck Berry
55%
14 David Gilmour
51%
5 Jeff Beck
49%
20 Carlos Santana
47%
71 Robert Johnson
45%
10 Pete Townshend
44%
25 Tony Iommi
44%
12 Stevie Ray Vaughan
43%
38 The Edge
40%
87 James Hetfield
39%
18 Les Paul
38%
33 Prince
38%
52 Clarence White
37%
70 Jack White
37%
97 Steve Jones
37%
9 Duane Allman
36%
94 Peter Buck
36%
84 Joe Perry
35%
50 Ritchie Blackmore
35%
49 Muddy Waters
34%
44 Mark Knopfler
33%
40 Tom Morello
32%
58 Peter Green
30%
96 Bruce Springsteen
29%
22 Frank Zappa
29%
72 John Frusciante
27%
80 Buddy Holly
26%
29 Scotty Moore
26%
99 Thurston Moore
26%
30 Elmore James
25%
46 Jerry Garcia
25%
100 Lindsey Buckingham
25%
36 Randy Rhoads
25%
57 Rory Gallagher
25%
28 Johnny Ramone
24%
37 Mick Taylor
24%
98 Alex Lifeson
23%
23 Buddy Guy
23%
54 Joe Walsh
22%
27 Bo Diddley
20%
92 Dimebag Darrell
20%
32 Billy Gibbons
19%
91 Dave Davies
19%
81 Lou Reed
19%
51 Johnny Marr
18%
93 Paul Simon
18%
76 Robby Krieger
18%
47 Stephen Stills
18%
35 John Lee Hooker
17%
75 Joni Mitchell
17%
48 Jonny Greenwood
17%
56 Albert Collins
16%
85 Andy Summers
16%
21 Chet Atkins
16%
16 Derek Trucks
15%
59 Robbie Robertson
15%
62 Robert Fripp
15%
77 Willie Nelson
15%
41 Mick Ronson
14%
89 Bonnie Raitt
13%
79 Mike Campbell
13%
88 Carl Perkins
12%
74 Dick Dale
12%
61 Dickey Betts
12%
63 Johnny Winter
12%
31 Ry Cooder
12%
69 Richard Thompson
11%
34 Curtis Mayfield
10%
68 John McLaughlin
10%
67 T-Bone Walker
10%
64 Duane Eddy
9%
83 Eddie Hazel
9%
19 James Burton
9%
66 Leslie West
9%
45 Link Wray
9%
39 Steve Cropper
9%
43 Hubert Sumlin
8%
86 J Mascis
8%
42 Mike Bloomfield
8%
53 Otis Rush
7%
90 Tom Verlaine
7%
78 John Fahey
6%
82 Nels Cline
6%
60 Ron Asheton
6%
95 Roger McQuinn
5%
No matching quizzes found
Score Distribution
Percent of People with Each Score
Percentile by Number Answered
Your Score History
You have not taken this quiz